00301nam a2200109Ia 4500008004100000020001800041082001400059100001700073245006400090260001400154500002300168260604s9999 xx 000 0 und d a9780367341435 a001.4 VEA aVEAR [CRAIG] 0aROUTLEDGE INTERNATIONAL HANDBOOK OF PRACTICE-BASED RESEARCH bROUTLEDGE aResearch, Practice